Countries with the same first letter as the capital - Statistics

General Stats
  • This quiz has been taken 31 times
  • The average score is 17 of 29
Answer Stats
Starts with Country Capital % Correct
A Andorra Andorra la Vella
88%
L Luxembourg Luxembourg
85%
V Vatican Vatican City
85%
D Djibouti Djibouti
81%
M Mexico Mexico City
81%
P Panama Panama City
77%
A Algeria Algiers
73%
G Guatemala Guatemala City
73%
M Monaco Monaco
73%
S San Marino San Marino
73%
B Belgium Brussels
69%
B Brazil Brasilia
65%
K Kuwait Kuwait City
65%
T Tunisia Tunis
65%
S Sweden Stockholm
62%
B Barbados Bridgetown
58%
S Singapore Singapore
58%
B Brunei Bandar Seri Begawan
46%
B Belize Belmopan
42%
G Guyana Georgetown
42%
N Niger Niamey
42%
S Sri Lanka Sri Jayawardenapura kotte
42%
S São Tomé and Príncipe São Tomé
38%
S South Korea Seoul
38%
T Taiwan Taipei
38%
M Mozambique Maputo
35%
M Maldives Male
31%
P Papua New Guinea Port Moresby
27%
M Marshall Islands Majuro
23%
No matching quizzes found
Score Distribution
Percent of People with Each Score
Percentile by Number Answered
Your Score History
You have not taken this quiz